Escalações Campeãs da Seleção Brasileira - Statistics

Estatísticas Gerais
  • Esse quiz foi jogado 399 vezes
  • A pontuação média é 34 de 55
Estatísticas das Respostas
Resposta % Correto
Ronaldo
99%
Pelé
98%
Pelé
98%
Ronaldinho
96%
Rivaldo
95%
Romário
95%
Cafú
94%
Marcos
94%
Roberto Carlos
94%
Garrincha
93%
Garrincha
93%
Taffarel
91%
Bebeto
90%
Lúcio
86%
Roque Júnior
75%
Carlos Alberto Torres
74%
Dunga
74%
Rivellino
73%
Gilberto Silva
69%
Jairzinho
69%
Edmílson
68%
Branco
66%
Klebérson
65%
Tostão
65%
Zagallo
65%
Zagallo
65%
Didi
59%
Didi
59%
Gérson
59%
Vavá
58%
Vavá
58%
Zinho
56%
Nilton Santos
52%
Nilton Santos
52%
Aldair
51%
Gylmar
51%
Gylmar
51%
Félix
49%
Mauro
49%
Mazinho
49%
Bellini
46%
Jorginho
46%
Djalma Santos
42%
Djalma Santos
42%
Mauro Silva
42%
Zito
42%
Zito
42%
Márcio Santos
41%
Clodoaldo
38%
Amarildo
34%
Piazza
32%
Brito
26%
Everaldo
26%
Orlando Peçanha
22%
Zózimo
22%
Nenhum quiz correspondente encontrado
Distribuição das Pontuações
Porcentagem de Pessoas com Cada Pontuação
Percentil de Números Respondidos
Sua Pontuação Histórica
Você não jogou esse quiz